| 000 | 00837nam a2200337Ia 4500 | ||
|---|---|---|---|
| 001 | 9633 | ||
| 005 | 20240113234220.0 | ||
| 007 | ta | ||
| 008 | 050727s1977 g b000 u asm u | ||
| 040 | _aCotton College,Assam | ||
| 041 | _aasm | ||
| 082 |
_a491.35 _bV 422 P |
||
| 082 |
_a891.3 _bCo 838 Pr |
||
| 100 | _aCowell, E.B. . | ||
| 245 | 0 |
_aThe Prakrita-Prakasa / _cE.B. Cowell. _hTextual Documents |
|
| 250 | _a3rd ed. / | ||
| 260 |
_aNew Delhi : _bCosmo Publications , _c1977. |
||
| 300 |
_a200p. ; _c22cm. |
||
| 504 | _aIndex | ||
| 653 | _aAssamese Language | ||
| 653 | _aPrakrita Language | ||
| 653 | _aAssamese Essays | ||
| 653 | _aMS-Assamese | ||
| 653 | _aG-Languages | ||
| 942 |
_2ddc _cBK |
||
| 999 |
_c9620 _d9620 |
||